Дистанционое обучение на основе интернет-технологий; Высшее образование сегодня; № 4

Bibliografiske detaljer
Parent link:Высшее образование сегодня: научно-практический журнал.— , 2001-.— 1726-667X
№ 4.— 2003.— С. 50-53
Hovedforfatter: Антипина О. Н. Ольга Николаевна
Summary:Высшее образование в документах: Журнал в журнале
Sprog:russisk
Udgivet: 2003
Serier:Круглый стол преподавателей
Fag:
Format: MixedMaterials Book Chapter
KOHA link:https://koha.lib.tpu.ru/cgi-bin/koha/opac-detail.pl?biblionumber=386514

MARC

LEADER 00000naa2a2200000 4500
001 386514
005 20231101063502.0
035 |a (RuTPU)RU\TPU\prd\15342 
090 |a 386514 
100 |a 20030620a2003 k y0rusy50 ca 
101 0 |a rus 
102 |a RU 
200 1 |a  Дистанционое обучение на основе интернет-технологий  |f О. Н. Антипина 
225 1 |a Круглый стол преподавателей 
300 |a Высшее образование в документах: Журнал в журнале 
461 1 |0 (RuTPU)RU\TPU\prd\1307  |x 1726-667X  |t Высшее образование сегодня  |o научно-практический журнал  |d 2001- 
463 1 |0 (RuTPU)RU\TPU\prd\15138  |t № 4  |v С. 50-53  |d 2003 
610 1 |a дистанционное обучение 
610 1 |a интернет-технологии 
610 1 |a преимущества 
610 1 |a интерактивность обучения 
700 1 |a Антипина  |b О. Н.  |g Ольга Николаевна 
801 1 |a RU  |b 63413507  |c 20030620  |g PSBO 
801 2 |a RU  |b 63413507  |c 20140729  |g RCR 
942 |c BK